[Event "Olympiad Women-44"]
[Site "Chennai"]
[Date "2022.07.29"]
[Round "1.4"]
[White "Neupane, Anisha"]
[Black "Mrvova, Alena"]
[Result "0-1"]
[WhiteElo "1488"]
[BlackElo "2165"]
[PlyCount "90"]
[EventDate "2022.07.29"]
[EventType "team-swiss"]
[EventRounds "11"]
[EventCountry "IND"]
[SourceTitle "CBM 210"]
[Source "ChessBase"]
[SourceDate "2022.10.31"]
[SourceVersion "1"]
[SourceVersionDate "2022.10.31"]
[SourceQuality "1"]
[WhiteTeam "Nepal (W)"]
[BlackTeam "Slovakia (W)"]
[WhiteTeamCountry "NEP"]
[BlackTeamCountry "SVK"]

1. e4 c5 2. Nc3 Nc6 3. f4 e6 4. Nf3 Nge7 5. d3 d5 6. g3 d4 7. Ne2 g6 8. Bg2 Bg7 9. 0-0 0-0 10. c3 Qb6 11. Qc2 Bd7 12. Kh1 Rac8 13. Bd2 Rfd8 14. Rad1 e5 15. h3 Be6 16. Nc1 c4 17. Ng5 cxd3 18. Qb1 Bc4 19. cxd4 Nxd4 20. Be3 exf4 21. gxf4 d2 22. Nd3 h6 23. Nf3 Bxd3 24. Qxd3 Nxf3 25. Qe2 Nd4 26. Qf2 Qa5 27. Rxd2 Ndc6 28. Rfd1 Qxa2 29. e5 Rxd2 30. Rxd2 Qb1+ 31. Kh2 Qf5 32. Qe1 g5 33. Rf2 Ng6 34. fxg5 Qxe5+ 35. Kg1 hxg5 36. Qd2 Rd8 37. Qc1 Nf4 38. Bf1 Nd3 39. Bxd3 Rxd3 40. Bxg5 Qd5 41. Kh2 Rd1 42. Qe3 Be5+ 43. Bf4 Rh1+ 44. Kg3 Rg1+ 45. Kh2 Qh1# 0-1

[Event "EU-chT (Women) 23rd"]
[Site "Terme Catez"]
[Date "2021.11.16"]
[Round "5.4"]
[White "Mrvova, Alena"]
[Black "Juhasz, Barbara"]
[Result "0-1"]
[WhiteElo "2174"]
[BlackElo "2258"]
[PlyCount "126"]
[EventDate "2021.11.12"]
[EventType "team-swiss"]
[EventRounds "9"]
[EventCountry "SLO"]
[SourceTitle "CBM 205"]
[Source "ChessBase"]
[SourceDate "2021.12.31"]
[SourceVersion "1"]
[SourceVersionDate "2021.12.31"]
[SourceQuality "1"]
[WhiteTeam "Slovakia (W)"]
[BlackTeam "Hungary (W)"]
[WhiteTeamCountry "SVK"]
[BlackTeamCountry "HUN"]

1. e4 c5 2. Nf3 Nc6 3. Bb5 g6 4. Bxc6 bxc6 5. d3 Bg7 6. Nc3 e5 7. Be3 d6 8. h3 Nf6 9. Qd2 Rb8 10. Rb1 0-0 11. 0-0 Ne8 12. Bh6 f5 13. Bxg7 Nxg7 14. Qh6 Ne6 15. exf5 gxf5 16. Qh4 Qe8 17. a3 Rb7 18. Ne2 Rg7 19. Nd2 Qg6 20. g3 f4 21. g4 h5 22. Kh2 hxg4 23. Rg1 Ng5 24. Rxg4 Bxg4 25. Qxg4 Qh6 26. Rg1 f3 27. Ng3 Rf4 28. Qc8+ Kh7 29. Nge4 d5 30. Nxg5+ Rxg5 31. Qd7+ Kg6 32. Qe8+ Kh7 33. Qe7+ Rg7 34. Rxg7+ Qxg7 35. Qxg7+ Kxg7 36. Kg3 Rf8 37. Nxf3 Kf6 38. Nh2 Rb8 39. Ng4+ Ke6 40. b3 c4 41. dxc4 dxc4 42. b4 c3 43. Ne3 c5 44. bxc5 Rc8 45. Kf3 Rxc5 46. Ke4 Ra5 47. Nc4 Ra4 48. Kd3 Kd5 49. Ne3+ Kc5 50. Ng4 Kd6 51. Ne3 Kc5 52. Ng4 Rxa3 53. Nxe5 Ra1 54. Kxc3 Ra3+ 55. Kb2 Rxh3 56. Nd3+ Kd4 57. Nb4 Kc4 58. Nc6 Rh5 59. f4 Rb5+ 60. Kc1 Kc3 61. Kd1 a5 62. Ne7 a4 63. f5 a3 0-1

[Event "SVK-chT 1920"]
[Site "Slovakia"]
[Date "2020.09.06"]
[Round "11.8"]
[White "Mrvova, Alena"]
[Black "Petran, Peter"]
[Result "1-0"]
[WhiteElo "2168"]
[BlackElo "2271"]
[PlyCount "85"]
[EventDate "2019.10.19"]
[EventType "team-tourn"]
[EventRounds "11"]
[EventCountry "SVK"]
[SourceTitle "EXT 2021"]
[Source "ChessBase"]
[SourceDate "2020.10.23"]
[SourceVersion "1"]
[SourceVersionDate "2020.10.23"]
[SourceQuality "1"]
[WhiteTeam "Humenne Reinter"]
[BlackTeam "Bratislava Slovan"]
[WhiteTeamCountry "SVK"]
[BlackTeamCountry "SVK"]

1. e4 g6 2. d4 Bg7 3. Nc3 d6 4. g3 Nf6 5. Bg2 0-0 6. Nf3 Bg4 7. h3 Bxf3 8. Qxf3 Nc6 9. Be3 e5 10. d5 Ne7 11. 0-0 Nd7 12. Qe2 f5 13. exf5 gxf5 14. Bg5 a6 15. Qd2 Qe8 16. Ne2 Ng6 17. Bh6 Bxh6 18. Qxh6 Qe7 19. Rae1 Qg7 20. Qxg7+ Kxg7 21. f4 Rae8 22. fxe5 dxe5 23. Rf3 Re7 24. Rc3 Nb6 25. Rb3 Rd7 26. Nc3 f4 27. gxf4 exf4 28. Bf3 Rd6 29. Kf2 Nh4 30. Re7+ Rf7 31. Rxf7+ Kxf7 32. Be4 Kf6 33. Bxh7 Rd7 34. Bd3 Ke5 35. Rb4 Rf7 36. Re4+ Kd6 37. Re6+ Kc5 38. d6 cxd6 39. Ne4+ Kc6 40. Nxd6 Kd7 41. Rh6 Rf8 42. Nxb7 Kc7 43. Na5 1-0

[Event "Drienica Saris op"]
[Site "Drienica"]
[Date "2020.08.14"]
[Round "8"]
[White "Kardis, Benjamin"]
[Black "Mrvova, Alena"]
[Result "1/2-1/2"]
[WhiteElo "2042"]
[BlackElo "2188"]
[PlyCount "55"]
[EventDate "2020.08.07"]
[EventType "swiss"]
[EventRounds "9"]
[EventCountry "SVK"]
[SourceTitle "CBM 197 Extra"]
[Source "ChessBase"]
[SourceDate "2020.09.30"]
[SourceVersion "1"]
[SourceVersionDate "2020.09.30"]
[SourceQuality "1"]

1. e4 c5 2. Nf3 Nc6 3. Nc3 g6 4. d4 cxd4 5. Nxd4 Bg7 6. Nxc6 bxc6 7. Bc4 Qc7 8. Qf3 Nf6 9. 0-0 0-0 10. Bg5 d6 11. Qg3 a5 12. Bb3 Rb8 13. Qf4 Rb4 14. a3 Rb7 15. Bh6 Be6 16. Bxe6 fxe6 17. Bxg7 Kxg7 18. b3 e5 19. Qf3 Qd7 20. Rad1 Nd5 21. Qg3 Nf4 22. Rfe1 Rf6 23. Ne2 Rb5 24. f3 Ne6 25. Rd2 Nc5 26. Nc3 Rb8 27. Red1 Qe6 28. Qf2 1/2-1/2

[Event "Drienica Saris op"]
[Site "Drienica"]
[Date "2020.08.11"]
[Round "5"]
[White "Mrvova, Alena"]
[Black "Majek, Kacper"]
[Result "0-1"]
[WhiteElo "2188"]
[BlackElo "1970"]
[PlyCount "114"]
[EventDate "2020.08.07"]
[EventType "swiss"]
[EventRounds "9"]
[EventCountry "SVK"]
[SourceTitle "CBM 197 Extra"]
[Source "ChessBase"]
[SourceDate "2020.09.30"]
[SourceVersion "1"]
[SourceVersionDate "2020.09.30"]
[SourceQuality "1"]

1. e4 e5 2. Nf3 Nc6 3. Bb5 a6 4. Ba4 Nf6 5. Qe2 Bc5 6. c3 b5 7. Bc2 0-0 8. 0-0 d5 9. d4 exd4 10. Bg5 dxe4 11. Bxe4 Qd6 12. cxd4 Nxe4 13. Qxe4 f5 14. dxc5 fxe4 15. cxd6 exf3 16. dxc7 Ra7 17. Nd2 fxg2 18. Kxg2 Rxc7 19. Rac1 Bb7 20. Ne4 Nd4 21. Rxc7 Bxe4+ 22. f3 Nxf3 23. Kg3 Nxg5 24. Rxf8+ Kxf8 25. Rc8+ Kf7 26. Kf4 Kg6 27. h4 Bf5 28. Rc6+ Ne6+ 29. Ke5 Kh5 30. Rxa6 Bh3 31. Rb6 Kxh4 32. Rxb5 g5 33. Rb6 Nf8 34. Ke4 g4 35. Ke3 Kg3 36. Rf6 Ng6 37. a4 Kh2 38. Rf2+ Kh1 39. Rc2 g3 40. Rc1+ Kh2 41. a5 g2 42. b4 g1Q+ 43. Rxg1 Kxg1 44. b5 Bf1 45. b6 Ba6 46. Kd4 h5 47. Kc5 h4 48. Kc6 h3 49. b7 Bxb7+ 50. Kxb7 h2 51. a6 h1Q+ 52. Kb8 Qh8+ 53. Kb7 Qg7+ 54. Kb8 Qf8+ 55. Kb7 Qe7+ 56. Kb8 Qd8+ 57. Kb7 Ne7 0-1

[Event "Drienica Saris op"]
[Site "Drienica"]
[Date "2020.08.08"]
[Round "2"]
[White "Sankova, Stella"]
[Black "Mrvova, Alena"]
[Result "1/2-1/2"]
[WhiteElo "1990"]
[BlackElo "2188"]
[PlyCount "72"]
[EventDate "2020.08.07"]
[EventType "swiss"]
[EventRounds "9"]
[EventCountry "SVK"]
[SourceTitle "CBM 197 Extra"]
[Source "ChessBase"]
[SourceDate "2020.09.30"]
[SourceVersion "1"]
[SourceVersionDate "2020.09.30"]
[SourceQuality "1"]

1. e4 d6 2. d4 g6 3. Nc3 Bg7 4. f4 a6 5. Nf3 Nf6 6. Bd3 0-0 7. 0-0 b5 8. Qe1 b4 9. Ne2 c5 10. dxc5 dxc5 11. Be3 Qc7 12. Ne5 Ng4 13. Nxg4 Bxg4 14. e5 Nd7 15. Qh4 Bxe2 16. Bxe2 Nb6 17. Qf2 Nd5 18. Rfd1 Nxe3 19. Qxe3 Rfd8 20. Bc4 a5 21. a4 Rac8 22. b3 e6 23. Qf3 Bh6 24. g3 Bf8 25. Rxd8 Rxd8 26. Rd1 Rxd1+ 27. Qxd1 Qc6 28. Qd3 Kg7 29. Qe2 h6 30. h4 Be7 31. Kh2 Qd7 32. Qd3 Qxd3 33. Bxd3 f6 34. exf6+ Kxf6 35. Kg2 Bd6 36. Kf3 e5 1/2-1/2

[Event "SVK-chT1E 1920"]
[Site "Slovakia"]
[Date "2019.12.08"]
[Round "6.5"]
[White "Koval, Jakub"]
[Black "Mrvova, Alena"]
[Result "0-1"]
[WhiteElo "2087"]
[BlackElo "2181"]
[PlyCount "90"]
[EventDate "2019.10.12"]
[EventType "team-tourn"]
[EventRounds "11"]
[EventCountry "SVK"]
[SourceTitle "CBM 194 Extra"]
[Source "ChessBase"]
[SourceDate "2020.03.31"]
[SourceVersion "1"]
[SourceVersionDate "2020.03.31"]
[SourceQuality "1"]
[WhiteTeam "Sabinov"]
[BlackTeam "Humenne Reinter II"]
[WhiteTeamCountry "SVK"]
[BlackTeamCountry "SVK"]

1. c4 e5 2. Nc3 Nf6 3. g3 Nc6 4. Bg2 d6 5. d3 h6 6. e3 Bf5 7. a3 a5 8. Nge2 Qd7 9. 0-0 Be7 10. Nd5 Bd8 11. Nec3 Nh7 12. e4 Be6 13. f4 exf4 14. Nxf4 Bg4 15. Bf3 Bxf3 16. Qxf3 0-0 17. Ncd5 Ne5 18. Qe2 c6 19. Ne3 Bb6 20. Kg2 Rae8 21. Bd2 Ng5 22. Nf5 Bd8 23. h4 Nh7 24. d4 Ng6 25. Nh5 d5 26. Qg4 Kh8 27. e5 dxc4 28. Rad1 Qd5+ 29. Kh2 Rg8 30. Nd6 Re7 31. Rf5 Bc7 32. Bf4 Qe6 33. Ne4 b6 34. Rf1 Rd7 35. Be3 c5 36. Nxg7 Rxg7 37. Bxh6 Rg8 38. Ng5 Nxe5 39. dxe5 Qxh6 40. Rxf7 Rd2+ 41. Kg1 Bxe5 42. Rxh7+ Qxh7 43. Rf5 Bd4+ 44. Kf1 Rxb2 45. Nf7+ Qxf7 0-1

[Event "SVK-chT1E 1920"]
[Site "Slovakia"]
[Date "2019.12.07"]
[Round "5.5"]
[White "Ihnat, Marek1111"]
[Black "Mrvova, Alena"]
[Result "0-1"]
[WhiteElo "2042"]
[BlackElo "2181"]
[PlyCount "106"]
[EventDate "2019.10.12"]
[EventType "team-tourn"]
[EventRounds "11"]
[EventCountry "SVK"]
[SourceTitle "CBM 194 Extra"]
[Source "ChessBase"]
[SourceDate "2020.03.31"]
[SourceVersion "1"]
[SourceVersionDate "2020.03.31"]
[SourceQuality "1"]
[WhiteTeam "Michalovce Zemplin"]
[BlackTeam "Humenne Reinter II"]
[WhiteTeamCountry "SVK"]
[BlackTeamCountry "SVK"]

1. e4 c5 2. Nf3 Nc6 3. d4 cxd4 4. Nxd4 g6 5. Nc3 Bg7 6. Be3 Nf6 7. Bc4 0-0 8. Bb3 Qa5 9. f3 Qh5 10. Qd2 Nxd4 11. Bxd4 d6 12. 0-0-0 a5 13. a4 Bd7 14. h4 Bh6 15. Be3 Bxe3 16. Qxe3 Bc6 17. Nd5 Bxd5 18. Bxd5 Qe5 19. f4 Qh5 20. Bxb7 Rab8 21. Bc6 Rfc8 22. Bb5 Qg4 23. Qf3 Qe6 24. b3 Qxe4 25. Qxe4 Nxe4 26. Rhe1 Nc3 27. Rd3 Kf8 28. Bd7 Rc7 29. Bg4 f5 30. Bf3 Na2+ 31. Kb2 Nb4 32. Rd2 Rxc2+ 33. Rxc2 Nd3+ 34. Ka2 Nxe1 35. Rc3 Nxf3 36. Rxf3 Rc8 37. Kb2 Kf7 38. Rd3 Ke6 39. Re3+ Kd7 40. Rd3 Rc5 41. h5 g5 42. fxg5 f4 43. g6 Rxh5 44. gxh7 Rxh7 45. Kc3 Rg7 46. Rd2 Kc6 47. Kc4 e6 48. Kd4 Rg3 49. Rc2+ Kb6 50. Rb2 e5+ 51. Kd5 Rd3+ 52. Ke4 Rd4+ 53. Kf3 Kc5 0-1

[Event "SVK-chT2D 1920"]
[Site "Slovakia"]
[Date "2019.10.27"]
[Round "2.1"]
[White "Mrvova, Alena"]
[Black "Turzak, Milan1111"]
[Result "1-0"]
[WhiteElo "2165"]
[BlackElo "1972"]
[PlyCount "63"]
[EventDate "2019.10.26"]
[EventType "team-tourn"]
[EventRounds "11"]
[EventCountry "SVK"]
[SourceTitle "CBM 193 Extra"]
[Source "ChessBase"]
[SourceDate "2020.01.31"]
[SourceVersion "1"]
[SourceVersionDate "2020.01.31"]
[SourceQuality "1"]
[WhiteTeam "Bardejov BSK II"]
[BlackTeam "Gelnica Slovan"]
[WhiteTeamCountry "SVK"]
[BlackTeamCountry "SVK"]

1. e4 e5 2. Nf3 Nf6 3. Nc3 Nc6 4. d3 d6 5. Bg5 Be7 6. h3 Be6 7. d4 exd4 8. Nxd4 Nxd4 9. Qxd4 0-0 10. Bd3 Nd7 11. Bxe7 Qxe7 12. 0-0-0 Qg5+ 13. Kb1 Qc5 14. Qxc5 Nxc5 15. Be2 Rac8 16. f4 f5 17. exf5 Bxf5 18. Bf3 Bg6 19. Nd5 Rfe8 20. Bg4 Ne6 21. Rhe1 Bf7 22. f5 Nc5 23. Ne7+ Rxe7 24. Rxe7 Kf8 25. f6 Rd8 26. Rxc7 gxf6 27. b4 Ne4 28. Rd4 Re8 29. Rxf7+ Kxf7 30. Bh5+ Kf8 31. Bxe8 Nc3+ 32. Kb2 1-0